[Event "XVII Festival Magistrale"]
[Site "Asti ITA"]
[Date "1996.10.05"]
[Round "1"]
[White "Bianco, Valerio"]
[Black "Duarte, Riccardo"]
[Result "1/2-1/2"]
[WhiteElo "2215"]
[BlackElo "2005"]
[PlyCount "110"]
[EventDate "1996.10.05"]

1. e4 e5 2. Nf3 Nc6 3. d4 d5 4. Nxe5 Nxe5 5. dxe5 dxe4 6. Qxd8+ Kxd8 7. Nc3 Bb4
8. Bg5+ Ke8 9. O-O-O Bg4 10. Rd4 Bxc3 11. bxc3 Bf5 12. Bb5+ c6 13. Be2 Ne7 14.
Rhd1 h6 15. Bxe7 Kxe7 16. g4 Be6 17. Kb2 Rhd8 18. Rxe4 Rxd1 19. Bxd1 Rd8 20.
Be2 Rd5 21. f4 Ra5 22. a3 f5 23. exf6+ Kxf6 24. h3 Bd5 25. Rd4 Bg2 26. h4 c5
27. Rd6+ Ke7 28. Rg6 Kf7 29. f5 Ra4 30. c4 Ra6 31. Rxa6 bxa6 32. Kc3 Kf6 33.
Kd3 Ke5 34. Ke3 Be4 35. c3 Bb7 36. Bf3 Bc8 37. Be4 a5 38. Bd3 Bb7 39. h5 Bf3
40. Be2 Bc6 41. Bd1 Bb7 42. Bf3 Ba6 43. Be4 Bc8 44. Kf3 Bd7 45. Ke3 Ba4 46. Bf3
Bb3 47. Be2 Ba4 48. Bd3 Bc6 49. Be2 Bb7 50. Bd1 Ba6 51. Be2 Bb7 52. Bd3 Bc6 53.
Be2 Bb7 54. Bf3 Ba6 55. Bd5 Bc8 1/2-1/2

[Event "XVII Festival Magistrale"]
[Site "Asti ITA"]
[Date "1996.10.05"]
[Round "1"]
[White "Capurro, Giuliano"]
[Black "Maccagno, Giancarlo"]
[Result "0-1"]
[WhiteElo "2016"]
[BlackElo "2205"]
[PlyCount "82"]
[EventDate "1996.10.05"]

1. e4 c5 2. d3 g6 3. g3 Bg7 4. Bg2 e6 5. c4 Nc6 6. Ne2 d6 7. Nbc3 Nge7 8. O-O
a6 9. Be3 Nd4 10. Qd2 Qa5 11. Rad1 Rb8 12. b3 h5 13. h4 Nec6 14. Bf4 Nxe2+ 15.
Nxe2 Qxd2 16. Rxd2 Ke7 17. Be3 Nd4 18. Bxd4 cxd4 19. Rc2 Bd7 20. f4 Rhc8 21.
Rfc1 b6 22. Kf2 Rc7 23. Ng1 Rbc8 24. Nf3 e5 25. Ng1 Bh6 26. Ne2 f6 27. Ra1 b5
28. Rb2 Rb8 29. Rd2 b4 30. Rb2 Rc5 31. Bf3 Ra5 32. Rg1 f5 33. Ra1 Rf8 34. Kg2
Bc6 35. exf5 Bxf3+ 36. Kxf3 Rxf5 37. Ke4 exf4 38. gxf4 Bxf4 39. Nxd4 Be5 40.
Ke3 Bxd4+ 41. Kxd4 Rae5 0-1

[Event "XVII Festival Magistrale"]
[Site "Asti ITA"]
[Date "1996.10.05"]
[Round "1"]
[White "Chabanon, Jean-Luc"]
[Black "Canelli, Daniele"]
[Result "1-0"]
[WhiteElo "2435"]
[BlackElo "2070"]
[PlyCount "65"]
[EventDate "1996.10.05"]

1. d4 Nf6 2. Nf3 g6 3. Bf4 Bg7 4. e3 d6 5. h3 O-O 6. Nbd2 c6 7. c3 Bf5 8. g4
Be4 9. Nxe4 Nxe4 10. Bd3 d5 11. Bxe4 dxe4 12. Nd2 f5 13. gxf5 Rxf5 14. Qb3+ Kh8
15. Qxb7 Nd7 16. Nxe4 Rxf4 17. exf4 Rb8 18. Qxc6 Rxb2 19. Ng5 Qb8 20. Qxd7 Qxf4
21. Qe8+ Bf8 22. Qf7 Qd2+ 23. Kf1 Qd3+ 24. Kg1 Rb1+ 25. Rxb1 Qxb1+ 26. Kg2 Qb7+
27. Kg3 Qb8+ 28. f4 Bg7 29. Rb1 Qc8 30. c4 h6 31. Ne6 Bf6 32. Nf8 Bg7 33. Nd7
1-0

[Event "XVII Festival Magistrale"]
[Site "Asti ITA"]
[Date "1996.10.05"]
[Round "1"]
[White "Faraoni, Enrico"]
[Black "Chilese, Carlo"]
[Result "1/2-1/2"]
[WhiteElo "2160"]
[BlackElo "1962"]
[PlyCount "83"]
[EventDate "1996.10.05"]

1. f4 d5 2. Nf3 Nf6 3. e3 c5 4. b3 Nc6 5. Bb5 Qc7 6. Bb2 e6 7. O-O Bd7 8. d3
Be7 9. Nbd2 O-O 10. Bxc6 Bxc6 11. Ne5 Rac8 12. Rf3 d4 13. Rh3 Rfd8 14. a4 Bf8
15. e4 g6 16. Ndf3 Be8 17. Bc1 Bg7 18. Bd2 Nd7 19. Nc4 Nb6 20. Nb2 f6 21. a5
Nd7 22. Nc4 b5 23. axb6 axb6 24. e5 f5 25. Ng5 Nf8 26. g4 h6 27. gxf5 exf5 28.
Nf3 Ra8 29. Nd6 Rxa1 30. Qxa1 Bc6 31. b4 Bd5 32. Rg3 Ra8 33. Qd1 Kh7 34. Nh4
Be6 35. b5 Qe7 36. Nf3 Bd5 37. Kf2 Ra2 38. Ne1 Qh4 39. Kg1 Qe7 40. Nc8 Qc7 41.
Nd6 Qe7 42. Nc8 1/2-1/2

[Event "XVII Festival Magistrale"]
[Site "Asti ITA"]
[Date "1996.10.05"]
[Round "1"]
[White "Frank, Albert"]
[Black "Skembris, Spyridon"]
[Result "0-1"]
[WhiteElo "2045"]
[BlackElo "2420"]
[PlyCount "98"]
[EventDate "1996.10.05"]

1. e4 e5 2. Nf3 Nc6 3. Bb5 a6 4. Ba4 Nf6 5. O-O Be7 6. Re1 b5 7. Bb3 d6 8. a4
Bg4 9. c3 O-O 10. d3 Na5 11. Bc2 c5 12. Nbd2 Qb6 13. Nf1 b4 14. Bg5 b3 15. Bb1
Nd5 16. Bxe7 Nxe7 17. Ne3 Bxf3 18. Qxf3 Qc7 19. Nc4 Rab8 20. Qd1 Rb7 21. Ra3
Nec6 22. Ne3 Qd7 23. Nd5 Qe6 24. Ne3 g6 25. Qg4 Qxg4 26. Nxg4 Kg7 27. Ne3 Rd8
28. Nd5 Ne7 29. Ne3 d5 30. exd5 Nxd5 31. Kf1 Nb6 32. g3 f5 33. f4 exf4 34. gxf4
Kf6 35. Kf2 Re7 36. Ng2 Rxe1 37. Nxe1 c4 38. Ra1 Nd5 39. Kf3 Re8 40. Ng2 h6 41.
Kf2 Re6 42. h4 g5 43. hxg5+ hxg5 44. fxg5+ Kxg5 45. Kf3 Rh6 46. dxc4 Nxc4 47.
Bd3 Ne5+ 48. Ke2 Rh2 49. Bxa6 Rxg2+ 0-1

[Event "XVII Festival Magistrale"]
[Site "Asti ITA"]
[Date "1996.10.05"]
[Round "1"]
[White "Frassati, Giovanni"]
[Black "Trumpf, Walter"]
[Result "1/2-1/2"]
[WhiteElo "1869"]
[BlackElo "2155"]
[PlyCount "61"]
[EventDate "1996.10.05"]

1. e4 c5 2. Nf3 Nc6 3. d4 cxd4 4. Nxd4 e5 5. Nf3 Nf6 6. Nc3 Bb4 7. Bd2 O-O 8.
Be2 Bxc3 9. Bxc3 Nxe4 10. Bd2 d5 11. O-O Nxd2 12. Nxd2 Nd4 13. c3 Nxe2+ 14.
Qxe2 Re8 15. Rfe1 Qb6 16. Nb3 Bf5 17. Rad1 Rad8 18. Kh1 h6 19. Rd2 a5 20. Qh5
Bg6 21. Qh4 a4 22. Qxa4 Ra8 23. Qd7 Red8 24. Qe7 Rxa2 25. Nc5 Rd6 26. Nd7 Rxd7
27. Qxd7 Rxb2 28. Qxd5 Kh7 29. h3 Rb5 30. Qd6 Qxd6 31. Rxd6 1/2-1/2

[Event "XVII Festival Magistrale"]
[Site "Asti ITA"]
[Date "1996.10.05"]
[Round "1"]
[White "Kosten, Anthony C."]
[Black "Astengo, Marcello"]
[Result "1-0"]
[WhiteElo "2525"]
[BlackElo "2115"]
[PlyCount "43"]
[EventDate "1996.10.05"]

1. e4 e6 2. d4 d5 3. e5 c5 4. c3 Nc6 5. Nf3 Qb6 6. a3 c4 7. Be2 Bd7 8. Nbd2 f6
9. O-O fxe5 10. dxe5 Nh6 11. b3 cxb3 12. Nxb3 Ng4 13. c4 d4 14. Nfxd4 Ngxe5 15.
Nb5 Nf7 16. Be3 Qd8 17. Nc5 a6 18. Nxd7 axb5 19. Nxf8 Rxf8 20. cxb5 Ne7 21. Bf3
Nd5 22. Bc5 1-0

[Event "XVII Festival Magistrale"]
[Site "Asti ITA"]
[Date "1996.10.05"]
[Round "1"]
[White "Luther, Thomas"]
[Black "Fuggetta, Leonardo"]
[Result "1-0"]
[WhiteElo "2495"]
[BlackElo "2105"]
[PlyCount "64"]
[EventDate "1996.10.05"]

1. e4 g6 2. d4 Bg7 3. Nc3 c6 4. f4 d5 5. e5 h5 6. Be3 Nh6 7. Nf3 Bg4 8. h3 Bxf3
9. Qxf3 h4 10. Bd3 e6 11. O-O Nd7 12. Ne2 Nf5 13. Bf2 Bf8 14. b3 Be7 15. c4 Nb6
16. c5 Nd7 17. b4 b5 18. a4 a6 19. Ra2 O-O 20. Rfa1 Rc8 21. Kh2 Kg7 22. Ng1 Nh6
23. Qe2 g5 24. axb5 axb5 25. fxg5 Bxg5 26. Nf3 Rh8 27. Ra7 Nf8 28. Kg1 Ng6 29.
Nxg5 Qxg5 30. Be3 Qd8 31. Bxg6 Kxg6 32. Bxh6 Rxh6 1-0

[Event "XVII Festival Magistrale"]
[Site "Asti ITA"]
[Date "1996.10.05"]
[Round "1"]
[White "Malano, Francesco"]
[Black "Arlandi, Ennio"]
[Result "0-1"]
[WhiteElo "2080"]
[BlackElo "2445"]
[PlyCount "89"]
[EventDate "1996.10.05"]

1. Nf3 Nf6 2. b3 d5 3. Bb2 e6 4. e3 Be7 5. Be2 O-O 6. O-O Nbd7 7. d4 b6 8. c4
Bb7 9. cxd5 exd5 10. Nc3 Ne4 11. Rc1 f5 12. Ne1 Rf6 13. f4 Nxc3 14. Bxc3 Rh6
15. Nf3 Nf6 16. Be1 Ne4 17. Nd2 Ba3 18. Rc2 Nxd2 19. Qxd2 a5 20. Qc3 Rc6 21.
Qd3 Rxc2 22. Qxc2 Qd7 23. Bd3 g6 24. Qe2 Re8 25. Bh4 Qe6 26. Bf2 Bc8 27. Kh1
Bd7 28. Bg1 Rf8 29. Qc2 Qc6 30. Qxc6 Bxc6 31. Rf2 Bd7 32. Rc2 c6 33. Bf2 Re8
34. h3 Kf7 35. Kh2 Bd6 36. g3 h6 37. g4 fxg4 38. hxg4 c5 39. Kg3 cxd4 40. Kf3
dxe3 41. Bxe3 Bxg4+ 42. Kf2 Re6 43. Bxb6 Bxf4 44. Bxa5 h5 45. Rc5 0-1

[Event "XVII Festival Magistrale"]
[Site "Asti ITA"]
[Date "1996.10.05"]
[Round "1"]
[White "Mrdja, Milan"]
[Black "Mordiglia, Riccardo"]
[Result "1-0"]
[WhiteElo "2455"]
[BlackElo "2100"]
[PlyCount "35"]
[EventDate "1996.10.05"]

1. e4 e5 2. Bc4 d6 3. Nc3 c6 4. Bb3 g6 5. d4 Qc7 6. f4 Bg7 7. Be3 Nf6 8. Nf3
Nbd7 9. dxe5 dxe5 10. f5 Qa5 11. fxg6 hxg6 12. Ng5 O-O 13. O-O Nc5 14. Qe1 Nxb3
15. axb3 Qc7 16. Qh4 Rb8 17. Rxf6 Bxf6 18. Qh7# 1-0

[Event "XVII Festival Magistrale"]
[Site "Asti ITA"]
[Date "1996.10.05"]
[Round "1"]
[White "Naumkin, Igor"]
[Black "Ricca, Roberto"]
[Result "1-0"]
[WhiteElo "2430"]
[BlackElo "2051"]
[PlyCount "61"]
[EventDate "1996.10.05"]

1. d4 f5 2. g3 Nf6 3. Bg2 g6 4. c4 Bg7 5. Nc3 d6 6. d5 O-O 7. Nh3 Nbd7 8. Bd2
Nc5 9. O-O e5 10. dxe6 Bxe6 11. b4 Nce4 12. Nxe4 Nxe4 13. Rc1 c6 14. Nf4 Bf7
15. Bxe4 fxe4 16. Bc3 Bxc3 17. Rxc3 Qf6 18. Rc2 g5 19. Ng2 Be6 20. Qxd6 Rad8
21. Qc5 Bh3 22. Qe3 Rd6 23. Rd2 Rxd2 24. Qxd2 Rd8 25. Qe3 Rd4 26. f4 gxf4 27.
gxf4 Bxg2 28. Kxg2 Rxc4 29. Rg1 Rxb4 30. Kh1+ Kf7 31. Qh3 1-0

[Event "XVII Festival Magistrale"]
[Site "Asti ITA"]
[Date "1996.10.05"]
[Round "1"]
[White "Nurkic, Sahbaz"]
[Black "Mollero, Michele"]
[Result "1-0"]
[WhiteElo "2405"]
[BlackElo "2030"]
[PlyCount "107"]
[EventDate "1996.10.05"]

1. e4 Nf6 2. e5 Nd5 3. c4 Nb6 4. c5 Nd5 5. Bc4 e6 6. Qg4 d6 7. d4 dxe5 8. dxe5
c6 9. Nf3 Nd7 10. O-O Nxc5 11. a3 h5 12. Qd4 Nb6 13. Qxd8+ Kxd8 14. Rd1+ Kc7
15. Ba2 Be7 16. Nc3 Nd5 17. Nxd5+ exd5 18. Be3 Ne6 19. Rac1 Kb8 20. a4 Bd7 21.
a5 Rc8 22. Bd2 b5 23. a6 Nc7 24. Nd4 Nxa6 25. Bf4 Kb7 26. Nxb5 Nb4 27. Nc3 Nxa2
28. Nxa2 Be6 29. Nc3 Rd8 30. Na4 Rac8 31. Be3 Rd7 32. Bc5 Bd8 33. Rc3 Ka8 34.
Bd4 Be7 35. Ra1 Kb8 36. Rb3+ Rb7 37. Bxa7+ Kc7 38. Rxb7+ Kxb7 39. Bc5 Bd8 40.
Ra3 Ra8 41. h3 g6 42. Kh2 Bc7 43. f4 Rd8 44. Be7 Rb8 45. Nc5+ Kc8 46. Bd6 Rxb2
47. Ra7 Bxd6 48. exd6 Rb8 49. g4 hxg4 50. hxg4 Kd8 51. f5 gxf5 52. gxf5 Bxf5
53. Rxf7 Bg6 54. Ne6+ 1-0

[Event "XVII Festival Magistrale"]
[Site "Asti ITA"]
[Date "1996.10.05"]
[Round "1"]
[White "Rossi, Giampiero"]
[Black "Pavasovic, Dusko"]
[Result "0-1"]
[WhiteElo "2105"]
[BlackElo "2495"]
[PlyCount "72"]
[EventDate "1996.10.05"]

1. d4 d5 2. c4 e6 3. Nc3 c6 4. cxd5 exd5 5. Bf4 Bd6 6. Bxd6 Qxd6 7. e3 Ne7 8.
Bd3 Bf5 9. Nge2 O-O 10. Ng3 Bxd3 11. Qxd3 Nd7 12. O-O f5 13. Rfe1 Rae8 14. f4
Qh6 15. Nf1 g5 16. g3 Nf6 17. b4 Ne4 18. Rab1 gxf4 19. exf4 Qg7 20. Ne2 Nd6 21.
a4 Ng6 22. Nd2 Re4 23. Nxe4 fxe4 24. Qc3 Nh4 25. Rf1 Qg4 26. Rf2 Re8 27. h3 Qg7
28. Kh2 Nf3+ 29. Rxf3 exf3 30. Qxf3 Nf5 31. Rd1 Re3 32. Qh5 Nxg3 33. Nxg3 Qxg3+
34. Kh1 Qxh3+ 35. Qxh3 Rxh3+ 36. Kg2 Rb3 0-1

[Event "XVII Festival Magistrale"]
[Site "Asti ITA"]
[Date "1996.10.05"]
[Round "1"]
[White "Venturino, Marco"]
[Black "Efimov, Igor"]
[Result "0-1"]
[WhiteElo "2116"]
[BlackElo "2510"]
[PlyCount "72"]
[EventDate "1996.10.05"]

1. e4 c5 2. f4 e6 3. Nf3 Nc6 4. Bb5 Nf6 5. Bxc6 bxc6 6. d3 d5 7. e5 Nd7 8. O-O
Be7 9. Qe2 O-O 10. Nc3 a5 11. b3 Ba6 12. Bd2 c4 13. bxc4 dxc4 14. d4 Nb6 15.
Rfd1 Nd5 16. Qe4 h6 17. Kh1 Rb8 18. Rab1 Bb4 19. Nxd5 cxd5 20. Qe1 Qe7 21. c3
Ba3 22. Qg3 Kh7 23. Qh3 Bb5 24. f5 exf5 25. Qxf5+ Kg8 26. Qh5 Ba4 27. Rf1 Qe6
28. Nh4 Rxb1 29. Rxb1 Bc2 30. Rf1 Rb8 31. h3 Be4 32. Bxh6 gxh6 33. Rf6 Qxh3+
34. Kg1 Rb1+ 35. Kf2 Rb2+ 36. Ke1 Qe3+ 0-1

[Event "XVII Festival Magistrale"]
[Site "Asti ITA"]
[Date "1996.10.05"]
[Round "1"]
[White "Vismara, Daniele"]
[Black "Krasenkow, Michal"]
[Result "0-1"]
[WhiteElo "2155"]
[BlackElo "2605"]
[PlyCount "88"]
[EventDate "1996.10.05"]

1. e4 g6 2. d4 Bg7 3. Nf3 d6 4. Be2 Nf6 5. Nc3 O-O 6. O-O c6 7. a4 a5 8. h3 Na6
9. Be3 Nb4 10. Qd2 Qc7 11. Rfd1 b6 12. Rac1 Bb7 13. Bh6 Rad8 14. Bxg7 Kxg7 15.
Qe3 e6 16. Rd2 Qb8 17. Rcd1 b5 18. axb5 cxb5 19. e5 Nfd5 20. Nxd5 Nxd5 21. Qg5
f6 22. Qg3 Ne7 23. exf6+ Rxf6 24. Ng5 h6 25. Nf3 Rdf8 26. Re1 Nd5 27. Bd1 Nf4
28. Re3 Bd5 29. Nh4 g5 30. Qg4 Kh8 31. Nf3 b4 32. Ne1 a4 33. Bf3 Qa8 34. Bxd5
Nxd5 35. Rxe6 a3 36. bxa3 bxa3 37. c4 a2 38. Nc2 Nf4 39. Re1 Rb8 40. Ra1 Rb2
41. d5 Qa5 42. Rad1 Qc3 43. Qc8+ Kg7 44. Re1 Rb1 0-1

[Event "XVII Festival Magistrale"]
[Site "Asti ITA"]
[Date "1996.10.06"]
[Round "2"]
[White "Arlandi, Ennio"]
[Black "Maccagno, Giancarlo"]
[Result "1-0"]
[WhiteElo "2445"]
[BlackElo "2205"]
[PlyCount "127"]
[EventDate "1996.10.05"]

1. d4 f5 2. g3 Nf6 3. Bg2 g6 4. c3 Bg7 5. Nd2 d5 6. Nh3 Nc6 7. Nf3 Ne4 8. Nf4
Qd6 9. Nd3 Be6 10. Bf4 Qd7 11. Nfe5 Nxe5 12. Bxe5 Bxe5 13. Nxe5 Qb5 14. Qc2 Nd6
15. O-O O-O 16. Nd3 Bf7 17. a4 Qe8 18. b3 c6 19. Qc1 Kg7 20. Qe3 Bg8 21. Rfc1
h6 22. f4 Rf6 23. Ne5 Be6 24. c4 Qg8 25. c5 Ne4 26. b4 Qe8 27. Rab1 a6 28. Rb2
Rf8 29. Rcb1 Bd7 30. Qc1 Qd8 31. e3 Be8 32. Bf1 g5 33. Ra1 e6 34. b5 gxf4 35.
exf4 Qa5 36. bxa6 bxa6 37. Rb6 Kf6 38. Qe1 Qxe1 39. Rxe1 h5 40. Rxa6 Rxa6 41.
Bxa6 h4 42. Kg2 hxg3 43. hxg3 Rg8 44. Re3 Rg7 45. Ra3 Ra7 46. Be2 Ra5 47. Bd3
Ke7 48. Bxe4 dxe4 49. g4 fxg4 50. Nxg4 Kd7 51. Nf6+ Kd8 52. Nxe4 Bh5 53. Nd6
Kc7 54. Nc4 Ra8 55. Kf2 Bd1 56. a5 Kb7 57. Ne5 Ra6 58. Ke3 Bc2 59. Ra2 Bf5 60.
Rb2+ Kc7 61. Nc4 Ra8 62. Rb6 Rh8 63. a6 Rh3+ 64. Kf2 1-0

[Event "XVII Festival Magistrale"]
[Site "Asti ITA"]
[Date "1996.10.06"]
[Round "2"]
[White "Astengo, Marcello"]
[Black "Cantore, Alberto"]
[Result "1/2-1/2"]
[WhiteElo "2115"]
[BlackElo "2045"]
[PlyCount "113"]
[EventDate "1996.10.05"]

1. d4 Nf6 2. c4 g6 3. d5 Bg7 4. Nc3 d6 5. e4 c5 6. Bg5 Qa5 7. Bd3 b5 8. cxb5 c4
9. Bc2 a6 10. bxa6 Nxa6 11. Nf3 Nc5 12. O-O Bg4 13. h3 Bxf3 14. Qxf3 Nfd7 15.
Qe3 h6 16. Bh4 Ne5 17. f4 Ned3 18. e5 dxe5 19. fxe5 Bxe5 20. Rae1 g5 21. Bg3 f6
22. Bxe5 Nxe5 23. d6 Ncd3 24. Ba4+ Kd8 25. dxe7+ Kxe7 26. Qf3 Nf4 27. Qb7+ Kd6
28. Rd1+ Ke6 29. Bd7+ Kf7 30. Bf5+ Kf8 31. Ne4 Qa7+ 32. Qxa7 Rxa7 33. Nxf6 Rf7
34. Rfe1 Rxf6 35. Rxe5 Rg8 36. Be6 Rxe6 37. Rd8+ Kg7 38. Rd7+ Kh8 39. Rf5 Rge8
40. Rff7 Nh5 41. Rh7+ Kg8 42. Rc7 Rb6 43. b3 cxb3 44. axb3 Rxb3 45. Rxh6 Nf4
46. Rhh7 Ne6 47. Ra7 Rb2 48. h4 g4 49. Kh2 Rb3 50. Rhf7 Rf8 51. Rfe7 Re3 52.
Reb7 Rf6 53. Ra8+ Nf8 54. Ra4 Rg6 55. Rbb4 g3+ 56. Kh3 Re1 57. Rg4 1/2-1/2

[Event "XVII Festival Magistrale"]
[Site "Asti ITA"]
[Date "1996.10.06"]
[Round "2"]
[White "Chilese, Carlo"]
[Black "Vismara, Daniele"]
[Result "0-1"]
[WhiteElo "1962"]
[BlackElo "2155"]
[PlyCount "66"]
[EventDate "1996.10.05"]

1. e4 c5 2. Nf3 d6 3. d4 cxd4 4. Nxd4 Nf6 5. Nc3 g6 6. Be2 Bg7 7. O-O O-O 8.
Be3 Nc6 9. Nb3 Be6 10. f4 Rc8 11. Kh1 a6 12. Bf3 Na5 13. Nxa5 Qxa5 14. Qd2 Rc4
15. Rad1 Rfc8 16. f5 Bd7 17. fxg6 hxg6 18. Qf2 Be6 19. a3 Nd7 20. Be2 Rxc3 21.
bxc3 Qxc3 22. a4 Ne5 23. Rb1 Qxc2 24. Rxb7 Bf6 25. Bxa6 Qxa4 26. Ra7 Ng4 27.
Qg3 Rc3 28. Rxf6 exf6 29. Bf1 Qd1 30. Ra8+ Kg7 31. Bh6+ Nxh6 32. Qf4 Rc1 33.
Kg1 Bc4 0-1

[Event "XVII Festival Magistrale"]
[Site "Asti ITA"]
[Date "1996.10.06"]
[Round "2"]
[White "Duarte, Riccardo"]
[Black "Frassati, Giovanni"]
[Result "0-1"]
[WhiteElo "2005"]
[BlackElo "1869"]
[PlyCount "86"]
[EventDate "1996.10.05"]

1. e4 e5 2. Nf3 Nc6 3. Bb5 Bc5 4. O-O Nf6 5. Nc3 O-O 6. d3 a6 7. Bg5 h6 8. Bh4
Be7 9. Bg3 d6 10. d4 exd4 11. Nxd4 Nxd4 12. Qxd4 Be6 13. Be2 Nd7 14. f4 d5 15.
Kh1 c5 16. Qd2 d4 17. Nd1 Nb6 18. b3 f5 19. e5 Nd5 20. a3 Qd7 21. c3 dxc3 22.
Nxc3 Rad8 23. Rad1 Nxc3 24. Qxc3 Qc8 25. Bd3 b5 26. Rc1 Qd7 27. Rfd1 Qd4 28.
Qc2 Qd7 29. Bf2 Qc8 30. Qe2 Bxb3 31. Rf1 Kh8 32. Bb1 Bc4 33. Rxc4 bxc4 34. Qxc4
Qc6 35. Kg1 Rd2 36. Qc3 Qd5 37. Qh3 c4 38. Bxf5 c3 39. Be1 Rxf5 40. Bxd2 cxd2
41. Qg4 Qd4+ 42. Kh1 Bf8 43. Qe2 Rxf4 0-1

[Event "XVII Festival Magistrale"]
[Site "Asti ITA"]
[Date "1996.10.06"]
[Round "2"]
[White "Flear, Glenn Curtis"]
[Black "Kosten, Anthony C."]
[Result "1/2-1/2"]
[WhiteElo "2435"]
[BlackElo "2525"]
[PlyCount "21"]
[EventDate "1996.10.05"]

1. d4 Nf6 2. Nf3 e6 3. g3 d5 4. Bg2 Be7 5. O-O O-O 6. c4 c6 7. Nbd2 b6 8. b3
Bb7 9. Bb2 Nbd7 10. Qc2 Rc8 11. e4 1/2-1/2

[Event "XVII Festival Magistrale"]
[Site "Asti ITA"]
[Date "1996.10.06"]
[Round "2"]
[White "Fuggetta, Leonardo"]
[Black "Frank, Albert"]
[Result "1/2-1/2"]
[WhiteElo "2105"]
[BlackElo "2045"]
[PlyCount "41"]
[EventDate "1996.10.05"]

1. Nf3 c5 2. g3 g6 3. Bg2 Bg7 4. O-O Nc6 5. e4 Nf6 6. d3 d5 7. Nbd2 O-O 8. h3
dxe4 9. dxe4 Qc7 10. c3 Rd8 11. Qc2 b6 12. Re1 Ba6 13. Bf1 Bb7 14. a4 Na5 15.
Nc4 Nxc4 16. Bxc4 Qc8 17. Kh2 Ba6 18. Qe2 Bxc4 19. Qxc4 Qb7 20. Bf4 h6 21. Be5
1/2-1/2

[Event "XVII Festival Magistrale"]
[Site "Asti ITA"]
[Date "1996.10.06"]
[Round "2"]
[White "Krasenkow, Michal"]
[Black "Chabanon, Jean-Luc"]
[Result "1-0"]
[WhiteElo "2605"]
[BlackElo "2435"]
[PlyCount "79"]
[EventDate "1996.10.05"]

1. d4 c5 2. d5 e5 3. e4 d6 4. c4 Be7 5. Nf3 Nf6 6. Nc3 Nbd7 7. Bd3 Nf8 8. Qe2
Ng6 9. g3 a6 10. h4 Bg4 11. Qe3 O-O 12. Bd2 Nh5 13. Nh2 f5 14. exf5 Bxf5 15.
Bxf5 Rxf5 16. O-O-O Nf6 17. f3 b5 18. Qe2 b4 19. Na4 Qe8 20. b3 e4 21. f4 Nh5
22. Nf1 Qf7 23. Qxe4 Bxh4 24. gxh4 Re8 25. Qc2 Ngxf4 26. Ne3 Ne2+ 27. Kb1 Rf2
28. Rhf1 Rxe3 29. Bxe3 Rxf1 30. Qxe2 Qf5+ 31. Kc1 Ng3 32. Qd2 Rf3 33. Bg1 Ne4
34. Qe2 Qf4+ 35. Kb1 h6 36. Re1 Ng3 37. Qe6+ Kh7 38. Bh2 Qxh4 39. Bxg3 Qxg3 40.
Nb2 1-0

[Event "XVII Festival Magistrale"]
[Site "Asti ITA"]
[Date "1996.10.06"]
[Round "2"]
[White "Mollero, Michele"]
[Black "Malano, Francesco"]
[Result "1/2-1/2"]
[WhiteElo "2030"]
[BlackElo "2080"]
[PlyCount "34"]
[EventDate "1996.10.05"]

1. e4 c5 2. f4 d5 3. exd5 Nf6 4. Nc3 Nxd5 5. Bb5+ Bd7 6. Bxd7+ Qxd7 7. Nxd5
Qxd5 8. Qe2 g6 9. Nf3 Bg7 10. O-O Nc6 11. d3 O-O 12. Re1 Rad8 13. Ne5 Nd4 14.
Qf2 e6 15. a4 h5 16. b3 b6 17. Bb2 Qb7 1/2-1/2

[Event "XVII Festival Magistrale"]
[Site "Asti ITA"]
[Date "1996.10.06"]
[Round "2"]
[White "Mordiglia, Riccardo"]
[Black "Musso, Luciano"]
[Result "1-0"]
[WhiteElo "2100"]
[BlackElo "1921"]
[PlyCount "53"]
[EventDate "1996.10.05"]

1. d4 d5 2. e4 c6 3. Nc3 dxe4 4. Bc4 Nf6 5. f3 exf3 6. Nxf3 Bg4 7. Bxf7+ Kxf7
8. Ne5+ Ke8 9. Nxg4 Nxg4 10. Qxg4 Qd7 11. Qe4 Na6 12. Bg5 h6 13. Qg6+ Kd8 14.
Bf4 Nc7 15. O-O-O Nd5 16. Nxd5 cxd5 17. Rhe1 Rc8 18. Re6 Rc6 19. Rxc6 Qxc6 20.
Qf7 Qc4 21. Kb1 h5 22. Rd3 h4 23. Be5 Rh6 24. Qxf8+ Kd7 25. Qf5+ e6 26. Qf7+
Kd8 27. Qf8+ 1-0

[Event "XVII Festival Magistrale"]
[Site "Asti ITA"]
[Date "1996.10.06"]
[Round "2"]
[White "Pavasovic, Dusko"]
[Black "Nurkic, Sahbaz"]
[Result "1/2-1/2"]
[WhiteElo "2495"]
[BlackElo "2405"]
[PlyCount "81"]
[EventDate "1996.10.05"]

1. e4 g6 2. d4 Bg7 3. Nc3 c6 4. Bc4 d5 5. exd5 b5 6. Bb3 b4 7. Nce2 cxd5 8. Bd2
a5 9. a3 bxa3 10. Rxa3 Nf6 11. Qa1 Nc6 12. Ba4 Bd7 13. Bxc6 Bxc6 14. Nf3 O-O
15. Bxa5 Qc8 16. O-O Bb5 17. Qd1 Qb7 18. c3 Ne4 19. Bb4 Rxa3 20. Bxa3 Ra8 21.
Re1 Bxe2 22. Qxe2 Nxc3 23. bxc3 Rxa3 24. Qxe7 Qxe7 25. Rxe7 Kf8 26. Re3 Bh6 27.
Re1 Rxc3 28. Ne5 Bd2 29. Rd1 Rc2 30. g3 f6 31. Nf3 Rc1 32. Rxc1 Bxc1 33. Kf1
Ke7 34. Ke2 Ke6 35. Ne1 Ba3 36. Nc2 Bd6 37. Ne3 Bc7 38. f4 f5 39. Ng2 h6 40.
Ne3 g5 41. fxg5 1/2-1/2

[Event "XVII Festival Magistrale"]
[Site "Asti ITA"]
[Date "1996.10.06"]
[Round "2"]
[White "Ricca, Roberto"]
[Black "Rossi, Giampiero"]
[Result "1/2-1/2"]
[WhiteElo "2051"]
[BlackElo "2105"]
[PlyCount "66"]
[EventDate "1996.10.05"]

1. e4 c5 2. Nf3 e6 3. b4 cxb4 4. d4 d5 5. e5 Nc6 6. Bd3 Nh6 7. Bxh6 gxh6 8. a3
bxa3 9. c3 Bd7 10. Nxa3 a6 11. O-O b5 12. Nc2 Na5 13. Nb4 Bxb4 14. cxb4 Nc6 15.
Qd2 Qb6 16. Kh1 Rb8 17. Qxh6 Nxb4 18. Qg7 Rf8 19. Bxh7 Nc6 20. Rfd1 a5 21. Nh4
Ne7 22. g4 b4 23. f4 b3 24. f5 b2 25. Rab1 Qb3 26. f6 Nc6 27. Bd3 a4 28. Ng6
Qa3 29. Rd2 fxg6 30. Bxg6+ Kd8 31. Rdxb2 Qf3+ 32. Rg2 Rxb1+ 33. Bxb1 Qf1+
1/2-1/2

[Event "XVII Festival Magistrale"]
[Site "Asti ITA"]
[Date "1996.10.06"]
[Round "2"]
[White "Trumpf, Walter"]
[Black "Faraoni, Enrico"]
[Result "1/2-1/2"]
[WhiteElo "2155"]
[BlackElo "2160"]
[PlyCount "113"]
[EventDate "1996.10.05"]

1. d4 Nf6 2. c4 g6 3. Nc3 Bg7 4. e4 d6 5. Be2 O-O 6. f4 c5 7. d5 b5 8. cxb5 a6
9. Nf3 axb5 10. Bxb5 Nxe4 11. Nxe4 Qa5+ 12. Nc3 Bxc3+ 13. bxc3 Qxb5 14. Qe2 Qa4
15. Kf2 Ra7 16. Be3 Nd7 17. Rhd1 Ba6 18. Qe1 Nf6 19. h3 Bc4 20. Kg1 Bxd5 21.
Nh2 Rb8 22. Ng4 Nxg4 23. hxg4 Qe4 24. Rd2 Rab7 25. Qf2 Rb1+ 26. Rxb1 Rxb1+ 27.
Kh2 e6 28. f5 Qxg4 29. fxe6 fxe6 30. Qf4 Qxf4+ 31. Bxf4 Rb6 32. c4 Bxc4 33.
Bxd6 Rxd6 34. Rxd6 Bxa2 35. Rc6 Kf7 36. Rxc5 Kf6 37. Kg3 Bd5 38. Rc2 Be4 39.
Rf2+ Ke5 40. Rb2 h5 41. Rb5+ Kd4 42. Rb4+ Kd5 43. Kf2 e5 44. g3 Bf5 45. Ke3 Ke6
46. Rb6+ Kf7 47. Ra6 Kg7 48. Rb6 g5 49. Rb4 Bg6 50. Rb6 h4 51. gxh4 gxh4 52.
Rb4 h3 53. Kf3 Kf6 54. Rb6+ Kg5 55. Re6 e4+ 56. Kg3 Bf5 57. Rxe4 1/2-1/2

[Event "XVII Festival Magistrale"]
[Site "Asti ITA"]
[Date "1996.10.07"]
[Round "3"]
[White "Bianco, Valerio"]
[Black "Ricca, Roberto"]
[Result "1-0"]
[WhiteElo "2215"]
[BlackElo "2051"]
[PlyCount "61"]
[EventDate "1996.10.05"]

1. e4 e5 2. Nf3 Nc6 3. d4 exd4 4. Nxd4 Qh4 5. Nc3 Bb4 6. Be2 Ba5 7. O-O Nge7 8.
Nf3 Qf6 9. Bd2 d6 10. Nd5 Nxd5 11. Bxa5 Nf4 12. Bc3 Qg6 13. Ne1 O-O 14. Bf3 f5
15. exf5 Bxf5 16. Kh1 Rae8 17. g3 Nh3 18. Bg2 Be6 19. f4 h5 20. Nf3 Bg4 21.
Qd5+ Kh8 22. Nd4 h4 23. f5 Qh5 24. Ne6 Rf6 25. Bxf6 gxf6 26. Bxh3 hxg3 27. Nf4
Qh6 28. Qg2 Rg8 29. Qxg3 Bxf5 30. Qe3 Bh7 31. Rg1 1-0